| 000 | 01066nam a22002657a 4500 | ||
|---|---|---|---|
| 005 | 20170123162300.0 | ||
| 010 | _aA-549966 | ||
| 020 | _c306.00 | ||
| 035 | _aA-549966 | ||
| 037 | _bCen Lib/Ret | ||
| 040 |
_aDPL _bUR |
||
| 082 |
_a954.021 _bم ہ م |
||
| 100 |
_aمحمد حبیب _9136697 |
||
| 245 |
_a / جامع تاریخ ہند _cمحمّد حبیب [اور] ک. ا. نظمی |
||
| 246 |
_aJama tarikhe-e-hind / _bby M. Habib [and] K.A. Nizami |
||
| 260 |
_aنئی دہلی _bقومی کونسل براے فروغ اردو زبان _c1984 |
||
| 270 |
_aڈائریکٹر، قومی کونسل برائے فروغ ا ردو زبان، وست بلاک 1، آر کے پورم _bنئی دہلی _e110066 |
||
| 300 |
_a1000p.: _c21cm(pbk) |
||
| 650 |
_aہندوستانی تاریخ _9410 |
||
| 650 |
_aعہدے سلطنت-ہندوستانی تاریخ _9136698 |
||
| 650 |
_aIndian history _9136699 |
||
| 650 |
_aEmpire post-Indian history _9136700 |
||
| 700 |
_aنظامی, کے. اے. _9831 |
||
| 942 |
_2ddc _cUR _h954.021 _mم ہ م |
||
| 999 |
_c105958 _d105958 |
||